UM Logo

Self-esteem and team building skills of selected government employees in Digos City/ (Record no. 2327)

MARC details
000 -LEADER
fixed length control field 00624nam a22001457a 4500
008 - FIXED-LENGTH DATA ELEMENTS--GENERAL INFORMATION
fixed length control field 160506b xxu||||| |||| 00| 0 eng d
082 ## - DEWEY DECIMAL CLASSIFICATION NUMBER
Edition number 2013
Classification number UT 0494
Item number M76
100 ## - MAIN ENTRY--PERSONAL NAME
9 (RLIN) 7628
Personal name Montoibon, Sheila Mae Q.
245 ## - TITLE STATEMENT
Title Self-esteem and team building skills of selected government employees in Digos City/
Statement of responsibility, etc. Sheila Mae Q. Montibon, Marchioness S. Robles, Flora Mae P. Pableo and Analiza E. Galvez.
260 ## - PUBLICATION, DISTRIBUTION, ETC. (IMPRINT)
Place of publication, distribution, etc. Digos City:
Name of publisher, distributor, etc. UMDC
Date of publication, distribution, etc. November 2013.
300 ## - PHYSICAL DESCRIPTION
Extent 75 pages;
Dimensions 30 cm.
650 #0 - SUBJECT ADDED ENTRY--TOPICAL TERM
9 (RLIN) 7626
Topical term or geographic name as entry element Business Administration
Form subdivision Marketing Management
General subdivision Undergraduate thesis.
700 ## - ADDED ENTRY--PERSONAL NAME
9 (RLIN) 7623
Personal name Robles, Marchioness S.
942 ## - ADDED ENTRY ELEMENTS (KOHA)
Source of classification or shelving scheme Dewey Decimal Classification
Koha item type Undergraduate Thesis
Holdings
Withdrawn status Lost status Source of classification or shelving scheme Damaged status Not for loan Collection code Home library Current library Date acquired Total Checkouts Full call number Barcode Date last seen Price effective from Koha item type
    Dewey Decimal Classification     Undergraduate Theses UM Digos College - LIC UM Digos College - LIC 05/06/2016   UT 0494 M76 2013 UT0494 05/06/2016 05/06/2016 Undergraduate Thesis